<?xml version="1.0" encoding="UTF-8"?>
<record
    xmlns:xsi="http://www.w3.org/2001/XMLSchema-instance"
    xsi:schemaLocation="http://www.loc.gov/MARC21/slim http://www.loc.gov/standards/marcxml/schema/MARC21slim.xsd"
    xmlns="http://www.loc.gov/MARC21/slim">

  <leader>01073naa a22002657i 4500</leader>
  <controlfield tag="001">232318</controlfield>
  <controlfield tag="003">ES-MaBCM</controlfield>
  <controlfield tag="005">20260219120007.0</controlfield>
  <controlfield tag="008">260218s2026    sp ||||| |||| 00| 0 spa d</controlfield>
  <datafield tag="035" ind1=" " ind2=" ">
    <subfield code="a">(OCoLC)1499519195</subfield>
  </datafield>
  <datafield tag="040" ind1=" " ind2=" ">
    <subfield code="c">ES-MaBCM</subfield>
  </datafield>
  <datafield tag="100" ind1="1" ind2=" ">
    <subfield code="a">Plasencia Dom&#xED;nguez, Natividad</subfield>
    <subfield code="9">124184</subfield>
  </datafield>
  <datafield tag="245" ind1="1" ind2="3">
    <subfield code="a">La fase de ejecuci&#xF3;n en el proceso penal tras la LO 1/2025 de Medidas en Materia de Eficiencia del Servicio P&#xFA;blico de Justicia</subfield>
    <subfield code="c">Natividad Plasencia Dom&#xED;nguez</subfield>
  </datafield>
  <datafield tag="504" ind1=" " ind2=" ">
    <subfield code="a">Incluye referencias bibliogr&#xE1;ficas</subfield>
  </datafield>
  <datafield tag="504" ind1=" " ind2=" ">
    <subfield code="a">Incluye bibliograf&#xED;a</subfield>
  </datafield>
  <datafield tag="610" ind1="1" ind2="0">
    <subfield code="a">Espa&#xF1;a .</subfield>
    <subfield code="t">Ley Org&#xE1;nica de medidas en materia de eficiencia del Servicio P&#xFA;blico de Justicia, 2025</subfield>
    <subfield code="9">130262</subfield>
  </datafield>
  <datafield tag="650" ind1=" " ind2="7">
    <subfield code="a">Procedimiento judicial</subfield>
    <subfield code="9">59900</subfield>
  </datafield>
  <datafield tag="650" ind1=" " ind2="7">
    <subfield code="a">Derecho procesal penal</subfield>
    <subfield code="9">58355</subfield>
  </datafield>
  <datafield tag="650" ind1=" " ind2="7">
    <subfield code="a">Responsabilidad civil</subfield>
    <subfield code="9">60114</subfield>
  </datafield>
  <datafield tag="650" ind1=" " ind2="7">
    <subfield code="a">Ejecuci&#xF3;n de sentencia</subfield>
    <subfield code="9">58487</subfield>
  </datafield>
  <datafield tag="655" ind1=" " ind2="4">
    <subfield code="a">Legislaci&#xF3;n comentada</subfield>
    <subfield code="9">115338</subfield>
  </datafield>
  <datafield tag="773" ind1="0" ind2=" ">
    <subfield code="d">Las Rozas, Madrid</subfield>
    <subfield code="g">N. 10885 (16 de febrero de 2026) - Loc. En l&#xED;nea</subfield>
    <subfield code="t">Diario La Ley</subfield>
    <subfield code="w">213918</subfield>
  </datafield>
  <datafield tag="942" ind1=" " ind2=" ">
    <subfield code="2">udc</subfield>
    <subfield code="c">AREV</subfield>
  </datafield>
  <datafield tag="999" ind1=" " ind2=" ">
    <subfield code="c">232318</subfield>
    <subfield code="d">232318</subfield>
  </datafield>
  <datafield tag="952" ind1=" " ind2=" ">
    <subfield code="0">0</subfield>
    <subfield code="1">0</subfield>
    <subfield code="2">udc</subfield>
    <subfield code="4">0</subfield>
    <subfield code="7">0</subfield>
    <subfield code="a">BC</subfield>
    <subfield code="b">BC</subfield>
    <subfield code="c">SALA</subfield>
    <subfield code="d">2026-02-18</subfield>
    <subfield code="l">0</subfield>
    <subfield code="r">2026-02-18 09:31:03</subfield>
    <subfield code="w">2026-02-18</subfield>
    <subfield code="y">AREV</subfield>
  </datafield>
</record>
